000 00657nam a22001937a 4500
005 20251108172908.0
008 250721s1993 xx 000 0 ara d
082 1 4 _aم/922.3/قزو
100 1 _aالقزويني، الخليل بن عبد الله بن الخليل الخليلي
245 1 0 _aالارشاد في معرفه علماء الحديث /
264 1 _aمكه المكرمه :
_bدار الفكر للطباعه و النشر و التوزيع،
_c1993.
300 _a496 ص
650 1 7 _aالفقهاء
650 1 7 _aالعلماء
650 1 7 _aالتراجم
650 1 7 _aالأحاديث
942 _2ddc
_cREF
999 _c91167
_d91167